书目信息 |
| 题名: |
钓鱼岛
|
|
| 作者: | 疏震娅 , 张海文 著 | |
| 分册: | ||
| 出版信息: | 北京 五洲传播出版社 2014.11 |
|
| 页数: | 132页 | |
| 开本: | 20cm | |
| 丛书名: | “中国海洋”丛书 | |
| 单 册: | ||
| 中图分类: | D823 | |
| 科图分类: | ||
| 主题词: | 钓鱼岛问题--diao yu dao wen ti | |
| 电子资源: | ||
| ISBN: | 978-7-5085-2902-8 | |
| 000 | 01106nam 2200301 450 | |
| 001 | CAL 0120141391231 | |
| 005 | 20150824172057.73 | |
| 010 | @a978-7-5085-2902-8@dCNY38.00 | |
| 100 | @a20150119d2014 em y0chiy50 ea | |
| 101 | 0 | @achi |
| 102 | @aCN@b110000 | |
| 105 | @aabk a 000yy | |
| 106 | @ar | |
| 200 | 1 | @a钓鱼岛@Adiao yu dao@f疏震娅, 张海文著 |
| 210 | @a北京@c五洲传播出版社@d2014.11 | |
| 215 | @a132页@c图 (部分彩图) , 地图@d20cm | |
| 225 | 2 | @a“中国海洋”丛书@A“ zhong guo hai yang ” cong shu |
| 300 | @a国家出版基金项目 | |
| 320 | @a有书目 (第129-131页) | |
| 330 | @a本书通过对认识钓鱼岛、钓鱼岛的价值、钓鱼岛为什么属于中国、日本如何窃取钓鱼岛、二战后钓鱼岛理应归还中国、美国“托管”埋下祸根、搁置争议的默契共识、谁在“改变现状”以及中国维护钓鱼岛主权的努力等九个方面的阐述, 力图全方位介绍钓鱼岛问题。 | |
| 410 | 0 | @12001 @a“中国海洋”丛书 |
| 586 | @a | |
| 606 | 0 | @a钓鱼岛问题@Adiao yu dao wen ti |
| 690 | @aD823@v5 | |
| 701 | 0 | @a疏震娅@Ashu zhen ya@4著 |
| 701 | 0 | @a张海文@Azhang hai wen@4著 |
| 801 | 0 | @aCN@c20150820 |
| 905 | @a河南城建学院图书馆@dD823@eS646@f3 | |
| 钓鱼岛/疏震娅, 张海文著.-北京:五洲传播出版社,2014.11 |
| 132页:图 (部分彩图) , 地图;20cm.-(“中国海洋”丛书) |
| 国家出版基金项目 |
| ISBN 978-7-5085-2902-8:CNY38.00 |
| 本书通过对认识钓鱼岛、钓鱼岛的价值、钓鱼岛为什么属于中国、日本如何窃取钓鱼岛、二战后钓鱼岛理应归还中国、美国“托管”埋下祸根、搁置争议的默契共识、谁在“改变现状”以及中国维护钓鱼岛主权的努力等九个方面的阐述, 力图全方位介绍钓鱼岛问题。 |
| ● |
| 相关链接 |
|
|
|
正题名:钓鱼岛
索取号:D823/S646
 
预约/预借
| 序号 | 登录号 | 条形码 | 馆藏地/架位号 | 状态 | 备注 |
| 1 | 1170348 | 211703487 | 社科库509/509社科库 79排3列6层/ [索取号:D823/S646] | 在馆 | |
| 2 | 1170349 | 211703496 | 社科库509/509社科库 79排3列6层/ [索取号:D823/S646] | 在馆 | |
| 3 | 1170350 | 211703502 | 社科库509/509社科库 79排3列6层/ [索取号:D823/S646] | 在馆 |